[Event "Sanxenxo Carlos op 8th"]
[Site "Sanxenxo"]
[Date "2016.07.03"]
[Round "9"]
[White "Hernando Rodrigo, Jose Maria"]
[Black "Ruiz Martinez, Isidro"]
[Result "1/2-1/2"]
[WhiteElo "2345"]
[BlackElo "1956"]
[PlyCount "64"]
[EventDate "2016.06.25"]
[EventType "swiss"]
[EventRounds "9"]
[EventCountry "ESP"]
[SourceTitle "CBM 173 Extra"]
[Source "ChessBase"]
[SourceDate "2016.08.29"]
[SourceVersion "1"]
[SourceVersionDate "2016.08.29"]
[SourceQuality "1"]

1. Nf3 Nf6 2. g3 g6 3. Bg2 Bg7 4. 0-0 0-0 5. d3 d5 6. Nbd2 Nc6 7. c3 e5 8. Qc2 Be6 9. b4 e4 10. Ng5 exd3 11. Qxd3 Bf5 12. Qb5 Ne8 13. e4 Bxc3 14. Qxb7 Nxb4 15. Nb1 Nd6 16. Qxa8 Qxa8 17. Nxc3 Nxe4 18. Ngxe4 dxe4 19. Ba3 a5 20. Rfe1 Re8 21. Re2 Qa6 22. Rae1 Qd3 23. Bb2 Nc2 24. Rd1 Nd4 25. Red2 Nf3+ 26. Bxf3 Qxf3 27. Rd8 Rxd8 28. Rxd8+ Kg7 29. Nxe4+ Kh6 30. Bc1+ Kg7 31. Bb2+ Kh6 32. Bc1+ Kg7 1/2-1/2

[Event "Sanxenxo Carlos op 8th"]
[Site "Sanxenxo"]
[Date "2016.07.01"]
[Round "7"]
[White "Medarde Santiago, Luis Marcos"]
[Black "Ruiz Martinez, Isidro"]
[Result "1-0"]
[WhiteElo "2292"]
[BlackElo "1956"]
[PlyCount "77"]
[EventDate "2016.06.25"]
[EventType "swiss"]
[EventRounds "9"]
[EventCountry "ESP"]
[SourceTitle "CBM 173 Extra"]
[Source "ChessBase"]
[SourceDate "2016.08.29"]
[SourceVersion "1"]
[SourceVersionDate "2016.08.29"]
[SourceQuality "1"]

1. e4 e5 2. Nf3 Nc6 3. d4 exd4 4. Bc4 Bc5 5. c3 Nf6 6. e5 d5 7. Bb5 Ne4 8. cxd4 Bb6 9. Nc3 0-0 10. Be3 Bg4 11. Qc2 Bf5 12. Qb3 a6 13. Bd3 Ne7 14. Qc2 Nxc3 15. bxc3 Qd7 16. Nh4 Bxd3 17. Qxd3 Qg4 18. g3 Qh3 19. Qf1 Qg4 20. f3 Qd7 21. Qd3 Qh3 22. Qf1 Qd7 23. Qg2 Ba5 24. Rc1 c5 25. 0-0 c4 26. Bg5 Nc6 27. Qd2 b5 28. Qf4 h6 29. Bf6 Ne7 30. Bxe7 Qxe7 31. Nf5 Qe6 32. Qg4 g5 33. f4 Bd8 34. fxg5 hxg5 35. Qh5 a5 36. h4 gxh4 37. Rf4 Ra6 38. Rg4+ Qg6 39. Nd6 1-0

[Event "Sanxenxo Carlos op 8th"]
[Site "Sanxenxo"]
[Date "2016.06.28"]
[Round "4"]
[White "Ruiz Martinez, Isidro"]
[Black "Alvarez Fernandez, Enrique"]
[Result "0-1"]
[WhiteElo "1956"]
[BlackElo "2282"]
[PlyCount "80"]
[EventDate "2016.06.25"]
[EventType "swiss"]
[EventRounds "9"]
[EventCountry "ESP"]
[SourceTitle "CBM 173 Extra"]
[Source "ChessBase"]
[SourceDate "2016.08.29"]
[SourceVersion "1"]
[SourceVersionDate "2016.08.29"]
[SourceQuality "1"]

1. e4 c5 2. Nf3 d6 3. d4 cxd4 4. Nxd4 Nf6 5. Nc3 a6 6. Be2 e5 7. Nb3 Be7 8. Be3 Be6 9. 0-0 0-0 10. Qd2 Nbd7 11. Rfd1 b5 12. a3 Qc7 13. Nc1 Rfd8 14. N1a2 Nc5 15. Nd5 Nxd5 16. exd5 Bd7 17. Nc3 f5 18. Rac1 Nb7 19. f4 Bf6 20. b4 Re8 21. fxe5 Bxe5 22. Bd4 Rac8 23. Bxe5 dxe5 24. Nb1 Nd6 25. Qe3 f4 26. Qf2 Ne4 27. Qf3 Qb6+ 28. Kf1 Bf5 29. c4 bxc4 30. Bxc4 Nd6 31. Be2 Bxb1 32. Rxc8 Rxc8 33. Rxb1 Nf5 34. Bd3 Ne3+ 35. Ke2 g6 36. g3 Qd6 37. Be4 Rc3 38. gxf4 exf4 39. Rf1 Qc7 40. Rf2 Qc4+ 0-1

[Event "Mondragon Arrasate Hiria op 12th"]
[Site "Mondragon"]
[Date "2012.10.19"]
[Round "6"]
[White "Ruiz Martinez, Isidro"]
[Black "Uriarte Gabikagogeaskoa, Agustin"]
[Result "1-0"]
[WhiteElo "2016"]
[BlackElo "1509"]
[PlyCount "61"]
[EventDate "2012.09.14"]
[EventType "swiss"]
[EventRounds "6"]
[EventCountry "ESP"]
[SourceTitle "EXT 2013"]
[Source "ChessBase"]
[SourceDate "2012.11.22"]
[SourceVersion "1"]
[SourceVersionDate "2012.11.22"]
[SourceQuality "1"]

1. Nf3 e6 2. d4 Nf6 3. g3 d5 4. Bg2 Nc6 5. 0-0 Bd6 6. c4 0-0 7. Nc3 dxc4 8. Qa4 Bb4 9. a3 Bxc3 10. bxc3 Bd7 11. Qxc4 Ne7 12. Ne5 Ned5 13. e4 Nb6 14. Qe2 Be8 15. Rd1 a6 16. c4 Rb8 17. Be3 Na4 18. Rac1 b5 19. c5 c6 20. Qe1 a5 21. Bg5 b4 22. Ng4 Nc3 23. Rxc3 bxc3 24. Qxc3 Kh8 25. Qf3 a4 26. Nxf6 h6 27. e5 Rb3 28. Qh5 Qb8 29. Bxh6 g6 30. Qh4 Rb1 31. Bc1+ 1-0

[Event "Gipuzkoa Province-ch"]
[Site "Azkoitia"]
[Date "2010.10.23"]
[Round "2"]
[White "Ruiz Martinez, Isidro"]
[Black "Garro Beraza, Haritz"]
[Result "0-1"]
[WhiteElo "1955"]
[BlackElo "2153"]
[PlyCount "126"]
[EventDate "2010.10.16"]
[EventType "swiss"]
[EventRounds "7"]
[EventCountry "ESP"]
[SourceTitle "EXT 2014"]
[Source "ChessBase"]
[SourceDate "2013.11.20"]
[SourceVersion "1"]
[SourceVersionDate "2013.11.20"]
[SourceQuality "1"]

1. e4 c5 2. Nf3 d6 3. d4 cxd4 4. Nxd4 Nf6 5. Nc3 a6 6. Rg1 e6 7. g4 Be7 8. g5 Nfd7 9. Be3 Nc6 10. Qd2 Nde5 11. Rg3 Bd7 12. f4 Ng6 13. Nb3 b5 14. Qf2 Rb8 15. a4 Na5 16. axb5 Nxb3 17. cxb3 axb5 18. Ra7 Qc8 19. b4 Bd8 20. Bd3 Ne7 21. Qe2 Nc6 22. Nxb5 Rxb5 23. Rxd7 Rxb4 24. Rxd6 Be7 25. Ba6 Qc7 26. Rd1 Rxe4 27. Rc1 0-0 28. Bd3 Qa5+ 29. Kf1 Nd4 30. Qg2 Rxe3 31. Rxe3 g6 32. Rh3 Qa4 33. Qb7 Nb3 34. Rd1 Qxf4+ 35. Rf3 Qg4 36. Be2 Nd4 37. Rxd4 Qxd4 38. Qxe7 Qxb2 39. Rf2 Qc1+ 40. Kg2 Qe3 41. Bf3 h6 42. gxh6 Qxh6 43. Re2 Qf4 44. Re4 Qd2+ 45. Re2 Qf4 46. Re4 Qf5 47. Rh4 Rc8 48. Be2 Kg7 49. Qb4 Rc2 50. Qd4+ e5 51. Qe3 Rc6 52. Qh6+ Kf6 53. Qh8+ Ke7 54. Qa8 Qc2 55. Qa3+ Kf6 56. Qe3 Rc3 57. Qf2+ Kg7 58. Rh3 Rc6 59. Rf3 Qe4 60. Kg3 f5 61. h3 Rc2 62. Qa7+ Kh6 63. Bd3 f4+ 0-1

[Event "Mondragon Arrasate Hiria op 9th"]
[Site "Mondragon"]
[Date "2009.10.23"]
[Round "3"]
[White "Ruiz Martinez, Isidro"]
[Black "Alcaide Rodriguez, Mikel"]
[Result "1-0"]
[WhiteElo "1966"]
[BlackElo "1786"]
[PlyCount "43"]
[EventDate "2009.10.09"]
[EventType "swiss"]
[EventRounds "6"]
[EventCountry "ESP"]
[SourceTitle "EXT 2010"]
[Source "ChessBase"]
[SourceDate "2010.11.25"]
[SourceVersion "1"]
[SourceVersionDate "2010.11.25"]
[SourceQuality "1"]

1. e4 c5 2. Nf3 d6 3. d4 cxd4 4. Qxd4 Nf6 5. Bg5 e6 6. e5 Nc6 7. Bb5 Qa5+ 8. Nc3 Nd5 9. Bxc6+ bxc6 10. exd6 Bxd6 11. Qxg7 Rf8 12. 0-0 Qb4 13. Nxd5 cxd5 14. Rad1 Bb7 15. Rfe1 Rc8 16. Nd4 Be7 17. a3 Qc5 18. b4 Qc7 19. c4 dxc4 20. Bxe7 Qxe7 21. Nf5 Qc7 22. Rxe6+ 1-0